| 000 | 00000nam 2200000za 4500 |
| 001 | 9.676574 |
| 003 | CaOODSP |
| 005 | 20250611103635 |
| 007 | cr ||||||||||| |
| 008 | 150407|2011||||xxc|||||o f|0| 0 ger d |
| 040 | |aCaOODSP|bfre |
| 043 | |an-cn--- |
| 086 | 1 |aA15-11508/2011Ger-PDF|zA15-11508/2011D-PDF |
| 110 | 1 |aCanada. |bAgriculture et agroalimentaire Canada. |
| 245 | 10|a[Homard et crabe des neiges canadiens] : |h[ressource électronique]|b[toute la fraîcheur de l'océan]. |
| 250 | |a[Édition allemand]. |
| 260 | |aOttawa - Ontario : |bAgriculture et Agroalimentaire Canada |c[2011]. |
| 300 | |a2p. |
| 500 | |aAussi publié en français sous le titre : Homard et crabe des neiges canadiens : toute la fraîcheur de l'océan. |
| 546 | |aTexte en allemand. |
| 590 | |a13-10-Supp|b2013-04-13 |
| 691 | 07|aIndustrie agro-alimentaire|2gcpds |
| 775 | 08|tHomard et crabe des neiges canadiens : |w(CaOODSP)9.639278 |
| 791 | |t[Canadian lobster and snow crab] : |eeng|w(CaOODSP)9.676573 |
| 856 | 40|ahttp://publications.gc.ca|qPDF|s1.01 Mo|uhttps://publications.gc.ca/collections/collection_2013/aac-aafc/A15-11508-2011-ger.pdf |